Autnómne otváranie okien na skleníku

Salvato in:
Dettagli Bibliografici
Autore principale: Paučo, Michal (Autore)
Altri autori: Gašparík, Marek (Relatore della tesi)
Natura: Manoscritto Libro
Lingua:slovacco
Pubblicazione: 2023
Soggetti:
Accesso online:http://is.stuba.sk/zp/portal_zp.pl?podrobnosti=162553
Tags: Aggiungi Tag
Nessun Tag, puoi essere il primo ad aggiungerne!!

MARC

LEADER 00000ntm a22000003a 4500
001 stuzp94766
003 SK-STU
005 20230909223116.1
007 ta
008 150427s2015----xo-----f-mn---000-0-slo-d
040 |a STU  |b slo 
041 0 |a slo 
100 1 |a Paučo, Michal  |u 020010  |4 aut  |U SjF Strojnícka fakulta  |T SjF Ústav aplikovanej mechaniky a mechatroniky  |X 110709  |U J0010  |Y 801  |7 110709 
242 0 1 |a Autonom system of opening windows on greenhouse  |y eng 
245 1 0 |a Autnómne otváranie okien na skleníku 
260 |c 2023 
650 4 |a senzor teploty a vlhkosti  |2 slo 
650 4 |a Arduino  |2 slo 
650 4 |a krokový motor  |2 slo 
650 4 |a bezdrôtová komunikácia  |2 slo 
650 4 |a 7-segmentový displej  |2 slo 
650 4 |a motor driver  |2 slo 
650 4 |a Arduino  |2 eng 
650 4 |a temperature and humidity sensor  |2 eng 
650 4 |a wireless communication  |2 eng 
650 4 |a step motor  |2 eng 
650 4 |a 7-segment display  |2 eng 
650 4 |a motor driver  |2 eng 
700 1 |a Gašparík, Marek  |u 020010  |k Z1  |4 ths  |U SjF Strojnícka fakulta  |T SjF Ústav aplikovanej mechaniky a mechatroniky  |X 68106  |U J0010  |Y 801  |7 A000068106 
856 4 |u http://is.stuba.sk/zp/portal_zp.pl?podrobnosti=162553